000 00881cam a22002771 4500
999 _c21824
_d21824
001 8906686
003 BDDh-ASL
005 20231015030040.0
008 720919s1962 cau b 000 0 eng
010 _a 62009266
015 _aGB62-9112
035 _a(OCoLC)409025
040 _aDLC
_cODaWU
_dOCoLC
_dUk
_dDLC
_dBDDh-ASL
042 _apremarc
050 0 0 _aDS485.S6
_bH85
082 _a327.4205
_bHUB
100 1 _aHuttenback, Robert A.
245 1 0 _aBritish relations with Sind, 1799-1843:
_ban anatomy of imperialism /
260 _aBerkeley :
_bUniversity of California Press,
_c1962.
300 _a161 p. :
_c23 cm.
504 _aIncludes bibliographies.
651 0 _aSindh (Pakistan)
_xForeign relations
_zGreat Britain.
651 0 _aGreat Britain
_xForeign relations
_zPakistan
_zSindh.
906 _a7
_bcbc
_coclcrpl
_du
_encip
_f19
_gy-gencatlg
942 _2ddc
_cBK